| 000 | 01026nam a2200253Ia 4500 | ||
|---|---|---|---|
| 005 | 20160222112833.0 | ||
| 008 | 130821s1995 ck ao fr 0 spa d | ||
| 020 | _a9789589362204 | ||
| 040 |
_aCo-BoUCM _bspa _cSaul Niño (Modificó) _dSaul Niño (Modificó) |
||
| 041 | 0 | 0 | _aspa |
| 100 | 1 |
_aCruz, Carmen Inés _975669 |
|
| 245 | 0 | 0 |
_aArmero _bdiez años de ausencia _cCarmén Ines Cruz Betancourt, Francisco Parra Sandoval, Nelsy Gined Roa López |
| 260 |
_aIbagué (Tolima, Colombia) _bFondo Resurgir-FES _c1995 |
||
| 300 |
_a207 páginas _bilustraciones, fotografías |
||
| 504 | _aIncluye referencias bibliográficas | ||
| 650 | 0 | 4 |
_aCrónicas _zColombia _945216 |
| 650 | 0 | 4 |
_aDesastres naturales _xHistoria _yArmero (Colombia) _975670 |
| 650 | 0 | 4 |
_aDesastres naturales _zColombia _912998 _xHistoria |
| 690 | 0 |
_aPeriodismo _921340 |
|
| 700 | 1 |
_aRoa López, Nelsy Gined _975676 |
|
| 700 | 1 |
_aParra Sandoval, Francisco _971017 |
|
| 942 |
_cLIBRO _a24 _e1 _mC957 _2DEWEY _h070.44861 |
||
| 999 |
_c43808 _d43808 |
||